000 00871cam a2200253 a 4500
001 15993035
005 20180201090502.0
008 091123s2011 maua b 000 0 eng
010 _a 2009049562
020 _a9780205778768 (pbk.)
020 _a0205778763 (pbk.)
035 _a(OCoLC)ocn464594618
040 _aDLC
_cDLC
_dYDX
_dYDXCP
_dCDX
_dDLC
041 _aeng
080 _a327 ART
082 0 0 _a327 ART
_222
100 _a19
101 _aPOL
245 0 0 _aInternational politics :
_c[edited] by Robert J. Art, Robert Jervis.
504 _aIncludes bibliographical references.
906 _a7
_bcbc
_corignew
_d1
_eecip
_f20
_gy-gencatlg
942 _2ddc
_cBK
999 _c41556
_d41556